LDR 00696naa#a2200181#i#450# 001 EN\\bibl\19771 005 20260603010027.3 100 ## _a20260601b2026####ek#y0engy0150####ca 102 ## _aRU 200 1# _aDYNAMICS OF THE BLACK VULTURE'S NESTING IN THE CRIMEAN NATIONAL PARK _eConference article/thesis 210 1# _aVoronezh _cFSBE Institution of Higher Education Voronezh State University of Forestry and Technologies named after G.F. Morozov _d2026 215 ## _a4 с. 608 ## _aConference article/thesis _2local 675 ## _aОрганизм и среда обитания. 574.2 _z 700 #1 _aMatytsina _gE. P. 700 #1 _aSerebryakov _gO. V. 700 #1 _aErshova _gSof'ya Olegovna 856 4# _abibl.vgltu.ru _u